[Event "34th Chess Olympiad (women)"]
[Site "Istanbul"]
[Date "2000.10.28"]
[Round "1.1.1"]
[White "Xie, Jun"]
[Black "Ratcu, Tatiana"]
[WhiteElo "2568"]
[BlackElo "2240"]
[WhiteCountry "CHN"]
[BlackCountry "BRA"]
[Result "1-0"]

1. e4 c5 2. Nf3 e6 3. d4 cxd4 4. Nxd4 a6 5. Bd3 Nf6 6. O-O Qc7 7. Kh1 d6 
8. f4 Bd7 9. c4 Nc6 10. Nxc6 Bxc6 11. Nc3 Be7 12. b4 b5 13. cxb5 axb5 
14. Bb2 Qb7 15. Qe2 O-O 16. a3 Rab8 17. e5 Nd7 18. Ne4 Bxe4 19. Bxe4 d5 
20. Bd3 g6 21. Rac1 Rfd8 22. Rc2 Nf8 23. Rfc1 Rd7 24. Rc6 d4 25. Qc2 Bd8 
26. Rc5 Qa6 27. Qe2 Rbb7 28. Be4 Rb6 29. Qd3 
1-0

[Event "34th Chess Olympiad (women)"]
[Site "Istanbul"]
[Date "2000.10.28"]
[Round "1.1.2"]
[White "Delai, Paula"]
[Black "Zhu, Chen"]
[WhiteElo "2110"]
[BlackElo "2539"]
[WhiteCountry "BRA"]
[BlackCountry "CHN"]
[Result "0-1"]

1. d4 d5 2. Nf3 c6 3. e3 Bf5 4. c4 e6 5. Qb3 Qc7 6. Bd2 Nf6 7. Be2 Be7 
8. O-O O-O 9. Bb4 Bxb4 10. Qxb4 Qb6 11. Qxb6 axb6 12. Nc3 h6 13. Rfd1 Nbd7 
14. Rac1 Ne4 15. a3 Bg4 16. h3 Bxf3 17. Bxf3 Nd6 18. cxd5 exd5 19. g3 b5 
20. Ne2 g5 21. Rc2 Ra4 22. Nc3 Ra5 23. Kg2 Re8 24. Na2 Nb6 25. Nc1 Nbc4 
26. Nb3 Raa8 27. Rd3 Re7 28. Nd2 Kg7 29. Nxc4 bxc4 30. Rd1 b5 31. Re2 f5 
32. Rde1 c3 33. bxc3 Rxa3 34. Rc2 f4 35. gxf4 gxf4 36. Re2 
0-1

[Event "34th Chess Olympiad (women)"]
[Site "Istanbul"]
[Date "2000.10.28"]
[Round "1.1.3"]
[White "Xu, Yuhua"]
[Black "Ribeiro, Regina"]
[WhiteElo "2505"]
[BlackElo "2104"]
[WhiteCountry "CHN"]
[BlackCountry "BRA"]
[Result "1-0"]

1. e4 c5 2. Nf3 a6 3. c4 Nc6 4. d4 cxd4 5. Nxd4 Nf6 6. Nc3 d6 7. Be2 g6 
8. Be3 Bg7 9. f3 Bd7 10. O-O O-O 11. Qd2 Rc8 12. Rac1 Re8 13. Nxc6 Bxc6 
14. b4 b6 15. Nd5 Nd7 16. Rfd1 Ba4 17. Re1 Bc6 18. Bf1 a5 19. a3 Ra8 
20. Bd4 axb4 21. Bxg7 Kxg7 22. axb4 Bxd5 23. cxd5 e5 24. Bb5 Re7 25. Ra1 Nf6 
26. Bc6 Raa7 27. Ra2 Qb8 28. Rea1 h6 29. Qb2 Nh5 30. g3 Kh7 31. b5 Rxa2 
32. Rxa2 Ra7 33. Ra6 f5 34. Qf2 Rxa6 35. bxa6 Nf6 36. Qc2 fxe4 37. fxe4 Kg7 
38. Bb5 Ng4 39. Qc6 Qf8 40. Qd7+ 
1-0

[Event "34th Chess Olympiad (women)"]
[Site "Istanbul"]
[Date "2000.10.28"]
[Round "1.2.2"]
[White "Khurtsidze, Nino"]
[Black "Puuska, Heini"]
[WhiteElo "2481"]
[BlackElo "2023"]
[WhiteCountry "GEO"]
[BlackCountry "FIN"]
[Result "1-0"]

1. c4 Nf6 2. Nf3 e6 3. b3 d5 4. Bb2 Be7 5. e3 O-O 6. Be2 c5 7. O-O b6 8. d3 Bb7 
9. Nbd2 Nbd7 10. Rc1 Re8 11. Rc2 Bf8 12. Qa1 Qe7 13. d4 cxd4 14. Nxd4 e5 
15. N4f3 Rac8 16. Rfc1 dxc4 17. Nxc4 Bxf3 18. Bxf3 e4 19. Be2 Nd5 20. Rd2 Qg5 
21. Rcd1 N7f6 22. h4 Qxh4 23. Rxd5 Nxd5 24. Rxd5 Re6 25. Rh5 Qd8 26. Bg4 Rg6 
27. Bxc8 Qxc8 28. Qd1 b5 29. Rxb5 Qh3 30. Qf1 Qh4 31. g3 Qg4 32. Ne5 
1-0

[Event "34th Chess Olympiad (women)"]
[Site "Istanbul"]
[Date "2000.10.28"]
[Round "1.2.3"]
[White "Ristoja, Aulikki"]
[Black "Gurieli, Nino"]
[WhiteElo "2000"]
[BlackElo "2373"]
[WhiteCountry "FIN"]
[BlackCountry "GEO"]
[Result "0-1"]

1. d4 Nf6 2. Nf3 g6 3. Bg5 Bg7 4. Nc3 d5 5. Bxf6 exf6 6. g3 O-O 7. Bg2 c6 
8. O-O Re8 9. Re1 f5 10. e3 Nd7 11. Rb1 a5 12. b4 axb4 13. Rxb4 Nf6 14. Qb1 Ne4 
15. Nxe4 fxe4 16. Nd2 Qa5 17. a4 Bf8 18. Rb2 Qxd2 19. c4 Qa5 20. cxd5 Qxd5 
0-1

[Event "34th Chess Olympiad (women)"]
[Site "Istanbul"]
[Date "2000.10.28"]
[Round "1.3.1"]
[White "Kovalevskaya, Ekaterina"]
[Black "Hernandez, Yadira"]
[WhiteElo "2475"]
[BlackElo "2207"]
[WhiteCountry "RUS"]
[BlackCountry "MEX"]
[Result "1-0"]

1. e4 c5 2. Nc3 Nc6 3. Bb5 Nd4 4. Bc4 e6 5. Nf3 g6 6. Nxd4 cxd4 7. Nb5 Bc5 
8. c3 a6 9. Nxd4 d5 10. exd5 exd5 11. Be2 Bxd4 12. Qa4+ Bd7 13. Qxd4 Qf6 
14. Qxd5 Bc6 15. Qc5 Bxg2 16. Rg1 Bc6 17. d4 Qe6 18. Bf4 Nf6 19. Qd6 Qxd6 
20. Bxd6 Ne4 21. Ba3 O-O-O 22. f3 Nd6 23. Kf2 Rhe8 24. Rge1 Nf5 25. Bd3 Bd7 
26. d5 Kc7 27. c4 a5 28. b3 a4 29. b4 Nd6 30. Bb2 Bf5 31. Bf1 b5 32. c5 Nc4 
33. d6+ Kc6 34. Bf6 Ra8 35. Bg2 Kd7 36. f4 Rab8 37. Rad1 Rxe1 38. Rxe1 Be6 
39. Rd1 Bg4 40. Rd4 Ke6 41. d7 
1-0

[Event "34th Chess Olympiad (women)"]
[Site "Istanbul"]
[Date "2000.10.28"]
[Round "1.3.2"]
[White "Guerrero, Alejandra"]
[Black "Matveeva, Svetlana"]
[WhiteElo "2171"]
[BlackElo "2440"]
[WhiteCountry "MEX"]
[BlackCountry "RUS"]
[Result "0-1"]

1. e4 e6 2. d4 d5 3. Nd2 Be7 4. Bd3 c5 5. c3 Nc6 6. exd5 exd5 7. dxc5 Bxc5 
8. Ngf3 Nf6 9. O-O O-O 10. Nb3 Bb6 11. Bg5 Bg4 12. Re1 Qd6 13. Bxf6 Qxf6 
14. Be2 Rad8 15. Nfd4 Bc8 16. Bf3 Ne5 17. Qe2 Bc7 18. Rad1 Qh6 19. g3 Nxf3+ 
20. Nxf3 Bg4 21. Nbd4 Bb6 22. Qe3 Qh5 23. Rd3 f6 24. Qd2 Rfe8 25. Rde3 Re4 
26. Nh4 Re5 27. f3 Bh3 28. Ng2 Rde8 29. Nf4 Qh6 30. Nxd5 Bc5 31. f4 Rxe3 
32. Rxe3 Qh5 33. Rxe8+ Qxe8 34. Qe3 Qd7 35. c4 h5 36. b4 Qa4 37. Qd2 Bxd4+ 
38. Qxd4 Qxa2 39. Ne3 Qe2 40. Qd5+ Kh8 41. Ng2 Be6 42. Qxb7 Bxc4 43. h3 a6 
44. Qc8+ Kh7 45. Qf5+ Kg8 46. Qc8+ Kf7 47. Qc7+ Ke8 48. Qc8+ Ke7 49. Qc7+ Kf8 
50. Qc8+ Kf7 51. Qc7+ Kg8 52. Qc8+ Kh7 53. Qf5+ g6 54. Qc5 Bd3 55. Qf8 Qe6 
56. Qc5 Bb5 57. Qf8 Bc6 58. Kh2 Qd5 59. Qe7+ Kg8 60. Qe2 Kf7 61. g4 hxg4 
62. hxg4 Qxg2+ 63. Qxg2 Bxg2 64. Kxg2 Ke6 65. Kf3 Kd5 66. Ke3 Kc4 67. f5 gxf5 
68. gxf5 Kxb4 69. Kd4 a5 70. Kd5 a4 71. Ke6 a3 72. Kxf6 a2 73. Kg6 a1=Q 
74. f6 Qg1+ 75. Kf7 Qg5 76. Ke6 Kc5 77. f7 Qd8 
0-1

[Event "34th Chess Olympiad (women)"]
[Site "Istanbul"]
[Date "2000.10.28"]
[Round "1.3.3"]
[White "Stepovaia, Tatiana"]
[Black "Garcia, Edith"]
[WhiteElo "2414"]
[BlackElo "2052"]
[WhiteCountry "RUS"]
[BlackCountry "MEX"]
[Result "1-0"]

1. e4 c5 2. d3 Nc6 3. Nc3 d6 4. g3 g6 5. Be3 Bg7 6. Qd2 Nd4 7. Nd1 Bg4 
8. Bg2 e5 9. c3 Nc6 10. h3 Bd7 11. Ne2 Rc8 12. O-O b5 13. f4 Nge7 14. f5 gxf5 
15. Bh6 Rg8 16. Bxg7 Rxg7 17. Qh6 Rg6 18. Qxh7 Be6 19. Ne3 Qd7 20. exf5 Nxf5 
21. Nd5 Nce7 22. Qh8+ Ng8 23. Nf6+ Rxf6 24. Qxg8+ Ke7 25. Qg5 Qd8 26. g4 Qg8 
27. Qxg8 Rxg8 28. gxf5 Bxf5 29. Kh2 Bxd3 30. Rxf6 Kxf6 31. Ng3 Ke6 32. Rd1 c4 
33. h4 f5 34. Bh3 Rh8 35. h5 d5 36. Rd2 Rh6 37. Rf2 Rf6 38. Nxf5 Bxf5 
39. Rxf5 Rxf5 40. h6 Kf6 41. Bxf5 d4 42. h7 Kg7 43. Kg3 d3 44. Kf3 
1-0

[Event "34th Chess Olympiad (women)"]
[Site "Istanbul"]
[Date "2000.10.28"]
[Round "1.4.1"]
[White "Ostry, Irina"]
[Black "Zatonskih, Anna"]
[WhiteElo "2238"]
[BlackElo "2446"]
[WhiteCountry "KGZ"]
[BlackCountry "UKR"]
[Result "0-1"]

1. c4 e5 2. Nc3 d6 3. g3 g6 4. Bg2 Bg7 5. e3 f5 6. Nge2 Nf6 7. d4 O-O 8. O-O e4 
9. Nd5 c6 10. Nxf6+ Bxf6 11. Nc3 Be6 12. b3 Re8 13. Bb2 Bf7 14. Rc1 a5 
15. Qe2 Na6 16. a3 Rb8 17. g4 Bg7 18. gxf5 gxf5 19. f4 Qd7 20. Nd1 b5 
21. Qd2 bxc4 22. bxc4 Bh5 23. Nf2 Kh8 24. Nh1 Nc5 25. dxc5 Rxb2 26. Qxd6 Qb7 
27. Rce1 Rg8 28. Ng3 Qb3 29. Rf2 Rxf2 30. Kxf2 Qb2+ 31. Re2 Bxe2 32. Nxe2 Bf6 
33. Qd1 Rd8 
0-1

[Event "34th Chess Olympiad (women)"]
[Site "Istanbul"]
[Date "2000.10.28"]
[Round "1.4.2"]
[White "Vasilevich, Tatjana"]
[Black "Korsakova, Tatiana"]
[WhiteElo "2429"]
[BlackElo "2035"]
[WhiteCountry "UKR"]
[BlackCountry "KGZ"]
[Result "1-0"]

1. d4 Nf6 2. c4 e6 3. Nc3 d5 4. cxd5 exd5 5. Bg5 Be7 6. e3 O-O 7. Bd3 b6 
8. Bxf6 Bxf6 9. Qh5 g6 10. Qxd5 c6 11. Qf3 Bb7 12. Nge2 Qe7 13. O-O Bg7 
14. Rac1 Rd8 15. Rfd1 Nd7 16. h3 Nf6 17. e4 Ne8 18. Qe3 Qb4 19. e5 Qxb2 
20. e6 Qb4 21. exf7+ Kxf7 22. Ne4 Kg8 23. Ng5 Nd6 24. Bc4+ Kh8 25. Qe7 a5 
26. a3 Re8 27. Qxd6 
1-0

[Event "34th Chess Olympiad (women)"]
[Site "Istanbul"]
[Date "2000.10.28"]
[Round "1.4.3"]
[White "Lim, Greta"]
[Black "Sedina, Elena"]
[WhiteElo "2000"]
[BlackElo "2405"]
[WhiteCountry "KGZ"]
[BlackCountry "UKR"]
[Result "0-1"]

1. Nf3 d5 2. g3 Bg4 3. Bg2 Nd7 4. d3 Ngf6 5. Nbd2 e6 6. O-O Bc5 7. c3 a5 
8. Qc2 a4 9. e4 dxe4 10. dxe4 O-O 11. Nd4 Ne5 12. h3 Bh5 13. g4 Bg6 14. g5 Nh5 
15. N2f3 Nxf3+ 16. Bxf3 Bd6 17. Bxh5 Bxh5 18. f4 e5 19. fxe5 Bxe5 20. Nf5 Qd7 
21. Be3 Rfd8 22. Rae1 a3 23. b3 Qd3 24. Qxd3 Rxd3 25. c4 Bc3 26. Rc1 Re8 
27. Rf4 Rxe3 28. Rh4 Bg6 29. Nxe3 Bd2 30. Rd1 Bxe3+ 31. Kf1 Bxg5 32. Rg4 Bh5 
0-1

[Event "34th Chess Olympiad (women)"]
[Site "Istanbul"]
[Date "2000.10.28"]
[Round "1.5.1"]
[White "Maric, Alisa"]
[Black "Koskoska, Gabriela"]
[WhiteElo "2435"]
[BlackElo "2219"]
[WhiteCountry "YUG"]
[BlackCountry "FRM"]
[Result "1-0"]

1. Nf3 c5 2. c4 Nf6 3. Nc3 d5 4. cxd5 Nxd5 5. e3 Nc6 6. Bb5 Ndb4 7. d4 cxd4 
8. exd4 a6 9. Bxc6+ bxc6 10. O-O e6 11. Ne5 Bd6 12. Qg4 O-O 13. Bh6 Qf6 
14. Ne4 Qxh6 15. Nxd6 a5 16. a3 Nd5 17. Rfc1 f5 18. Qd1 Ba6 19. Rxc6 Nf4 
20. Kh1 Qg5 21. Qf3 Be2 22. Qg3 Qh6 23. Qe3 Ra6 24. g3 Rxc6 25. Nxc6 Qh5 
26. Ne7+ Kh8 27. Qxf4 Bf3+ 28. Kg1 Ba8 29. Rc1 h6 30. Rf1 g5 31. Qe5+ Kh7 
32. Qxe6 f4 33. g4 
1-0

[Event "34th Chess Olympiad (women)"]
[Site "Istanbul"]
[Date "2000.10.28"]
[Round "1.5.2"]
[White "Sekulovska, Vesna"]
[Black "Bojkovic, Natasa"]
[WhiteElo "2120"]
[BlackElo "2429"]
[WhiteCountry "FRM"]
[BlackCountry "YUG"]
[Result "0-1"]

1. d4 Nf6 2. c4 e6 3. Nc3 Bb4 4. Qc2 O-O 5. a3 Bxc3+ 6. Qxc3 Ne4 7. Qc2 f5 
8. e3 b6 9. Bd3 Bb7 10. f3 Qh4+ 11. g3 Nxg3 12. Qf2 f4 13. exf4 Nf5 
14. Bxf5 Qxf2+ 15. Kxf2 Rxf5 16. Ne2 Nc6 17. b4 Ne7 18. Bd2 Ng6 19. h4 Rh5 
20. Kg3 Rf8 21. Raf1 Rhf5 22. h5 Ne7 23. Kg4 R5f7 24. Ng3 h6 25. Rhg1 Kh7 
26. Kh3 Nc8 27. f5 Nd6 28. fxe6 dxe6 29. f4 Nxc4 30. Bc1 Nd6 31. Re1 Bd5 
32. Rgf1 a5 33. bxa5 bxa5 34. Kh4 Rb8 35. f5 Nxf5+ 36. Nxf5 exf5 37. Re5 c6 
38. Rfxf5 Rxf5 39. Rxf5 Rb1 40. Rf1 Rb3 41. Rg1 Rd3 42. Bb2 a4 43. Rg3 Rd2 
44. Bc3 Rh2+ 45. Rh3 Re2 46. Rg3 Be6 47. Rf3 Rg2 48. Bb4 Rg4+ 49. Kh3 Rxd4+ 
50. Kg3 Rg4+ 51. Kf2 Rg5 52. Rc3 Bd7 53. Be7 Rxh5 54. Rc4 Rf5+ 55. Kg3 Re5 
56. Bd6 Rd5 57. Be7 Ra5 58. Rd4 Bf5 59. Bb4 Ra8 60. Rc4 Bd7 61. Rd4 Be6 
62. Rd6 Bd5 63. Rd7 Re8 64. Ra7 Bb3 65. Rc7 Re6 66. Bc5 Rg6+ 67. Kh2 h5 
68. Bd4 Rg4 69. Bc3 Bd5 70. Kh3 Kh6 71. Bd2+ g5 72. Rd7 Kg6 73. Rd6+ Kf5 
74. Bc3 Rh4+ 75. Kg3 Rc4 76. Bb4 h4+ 77. Kf2 g4 
0-1

[Event "34th Chess Olympiad (women)"]
[Site "Istanbul"]
[Date "2000.10.28"]
[Round "1.5.3"]
[White "Prudnikova, Svetlana"]
[Black "Kierzek, Mira"]
[WhiteElo "2425"]
[BlackElo "2028"]
[WhiteCountry "YUG"]
[BlackCountry "FRM"]
[Result "1-0"]

1. d4 e6 2. c4 b6 3. Nf3 Bb7 4. g3 Bb4+ 5. Nbd2 f5 6. Bg2 Nf6 7. O-O O-O 
8. a3 Bxd2 9. Bxd2 Be4 10. b4 Nc6 11. Bc3 a5 12. Re1 Qe7 13. Qb3 Rfb8 
14. b5 Nd8 15. Bf1 Bb7 16. Nd2 Nf7 17. Qc2 Nd6 18. f3 Rf8 19. Bg2 Nf7 
20. a4 Rab8 21. Bb2 d6 22. Ba3 Rfd8 23. f4 Bxg2 24. Kxg2 Qd7 25. e4 c5 
26. exf5 exf5 27. d5 Re8 28. Bb2 Ng4 29. Qc3 Nf6 30. Qd3 Rxe1 31. Rxe1 Re8 
32. Rxe8+ Nxe8 33. Nf1 Nh6 34. h3 Qe7 35. Qe3 Qxe3 36. Nxe3 Kf7 37. g4 fxg4 
38. hxg4 Ng8 39. Kf3 g6 40. Bc3 Ngf6 41. Be1 Ng8 42. Nd1 Ngf6 43. Bh4 Nd7 
44. Bd8 h6 45. Bh4 Nef6 46. Ne3 Ne8 47. Nf1 Nef6 48. Nd2 Kf8 49. g5 hxg5 
50. Bxg5 Kf7 51. Bh4 Kf8 52. Ne4 Nxe4 53. Kxe4 Ke8 54. Kf3 Nf8 55. Kg3 Kd7 
56. Kg4 Nh7 57. f5 gxf5+ 58. Kxf5 Kc7 59. Bg3 Kd7 60. Kg6 Nf8+ 61. Kf7 Nh7 
62. Bf4 
1-0

[Event "34th Chess Olympiad (women)"]
[Site "Istanbul"]
[Date "2000.10.28"]
[Round "1.6.2"]
[White "Radziewicz, Iweta"]
[Black "Maeckelberg, Mieke"]
[WhiteElo "2379"]
[BlackElo "2000"]
[WhiteCountry "POL"]
[BlackCountry "IBSA"]
[Result "1/2-1/2"]

1. e4 Nf6 2. e5 Nd5 3. d4 d6 4. c4 Nb6 5. ed6 ed6 6. Nc3 Be7 7. Bd3 Nc6 
8. Nge2 O-O 9. O-O Bg4 10. f3 Bh5 11. Nf4 Bg6 12. Ng6 fg6 13. d5 Ne5 14. b3 Nd3 
15. Qd3 Nd7 16. Be3 Ne5 17. Qd2 Qd7 18. Rae1 a6 19. h3 Bh4 20. Re2 Qf5 
21. Bd4 Rae8 22. Be5 Re5 23. Re5 Qe5 24. f4 Qe7 25. Ne2 Re8 26. Nd4 Qe3+ 
27. Qe3 Re3 28. Ne6 c6 29. Rf3 Re1+ 30. Kh2 cd5 31. cd5 Bf6 32. Rd3 Kf7 
33. Rd2 Rc1 34. g4 h6 35. Kg2 Rc3 36. Rd1 Rc2+ 37. Kf3 Rc3+ 38. Ke4 Rh3 
39. Rf1 Rc3 40. g5 Be7 41. Rh1 h5 42. Kd4 Rc8 43. f5 Rc2 44. fg6+ Kg6 45. a4 
1/2-1/2

[Event "34th Chess Olympiad (women)"]
[Site "Istanbul"]
[Date "2000.10.28"]
[Round "1.6.3"]
[White "Sanchez, Esmeralda"]
[Black "Dworakowska, Joanna"]
[WhiteElo "2000"]
[BlackElo "2371"]
[WhiteCountry "IBSA"]
[BlackCountry "POL"]
[Result "0-1"]

1. e4 c5 2. Nf3 d6 3. d4 cd4 4. Nd4 Nf6 5. Nc3 a6 6. Bc4 e6 7. Bb3 b5 8. a3 Be7 
9. 0-0 O-O 10. Kh1 Bb7 11. Qe2 Nc6 12. Nc6 Bc6 13. Bd2 Qb8 14. Rae1 a5 
15. e5 de5 16. f3 Rd8 17. Ne4 Ne4 18. fe4 Bh4 19. Rd1 Qb7 20. Bc3 Rd1 
21. Rd1 Bf6 22. Re1 b4 23. ab4 ab4 24. Bd2 Rd8 25. Bc1 Be4 
0-1

[Event "34th Chess Olympiad (women)"]
[Site "Istanbul"]
[Date "2000.10.28"]
[Round "1.7.1"]
[White "Sheremetieva, Marina"]
[Black "Vovk, Oksana"]
[WhiteElo "2340"]
[BlackElo "2093"]
[WhiteCountry "MDA"]
[BlackCountry "DEN"]
[Result "1-0"]

1. e4 e6 2. d3 d5 3. Nd2 c5 4. Ngf3 Nc6 5. g3 Nge7 6. Bg2 g6 7. O-O Bg7 
8. Re1 O-O 9. e5 Qc7 10. Qe2 b6 11. h4 h6 12. Nf1 Ba6 13. Bf4 Nf5 14. c3 Rad8 
15. N1h2 d4 16. c4 Bb7 17. Ng4 Qe7 18. Qd2 Kh7 19. h5 Nb8 20. Nf6+ Kh8 
21. g4 Bxf3 22. gxf5 Bxg2 23. Bxh6 Bf3 24. Bxg7+ Kxg7 25. Ng4 Bxg4 26. f6+ Qxf6 
27. exf6+ Kxf6 28. Qf4+ Bf5 29. h6 Nd7 30. b4 g5 31. Qg3 Rh8 32. bxc5 Nxc5 
33. Qe5+ Kg6 34. Qg7+ Kh5 35. Kg2 Nxd3 36. Qxf7+ Kg4 37. f3+ 
1-0

[Event "34th Chess Olympiad (women)"]
[Site "Istanbul"]
[Date "2000.10.28"]
[Round "1.7.2"]
[White "Peicheva-Hansen, Evgenia"]
[Black "Agababean, Naira"]
[WhiteElo "2162"]
[BlackElo "2365"]
[WhiteCountry "DEN"]
[BlackCountry "MDA"]
[Result "1-0"]

1. Nf3 Nf6 2. g3 d5 3. Bg2 c6 4. b3 Bf5 5. Bb2 e6 6. O-O h6 7. d3 Be7 8. c4 O-O 
9. cxd5 exd5 10. Nbd2 Nbd7 11. Re1 Bh7 12. Rc1 a5 13. Ne5 Nxe5 14. Bxe5 Ba3 
15. Rc2 Ng4 16. Bd4 Re8 17. Qa1 f6 18. h3 Ne5 19. f4 Nf7 20. e4 dxe4 
21. dxe4 c5 22. Bf2 Qd3 23. Qb1 Bb4 24. Re3 Qd7 25. Nc4 Rad8 26. a3 b5 
27. axb4 bxc4 28. bxc5 cxb3 29. Qxb3 a4 30. Qa2 Qb5 31. Rc1 Rc8 32. Bf1 Qa5 
33. Bc4 Re7 34. c6 Kf8 35. Be6 Ra8 36. Rec3 Rc7 37. Bc5+ Kg8 38. Bd6 Qa7+ 
39. Kh2 Bxe4 40. Bxc7 Qxc7 41. Bxf7+ Qxf7 42. Qxf7+ Kxf7 43. c7 Rc8 44. Rc4 f5 
45. Rxa4 Ke7 46. Ra6 h5 47. Rg6 Kf7 48. Rb6 Ke7 49. h4 Bd5 50. Rg6 Kf7 51. Rd6 
1-0

[Event "34th Chess Olympiad (women)"]
[Site "Istanbul"]
[Date "2000.10.28"]
[Round "1.7.3"]
[White "Susterman, Anja"]
[Black "Steffensen, Elena"]
[WhiteElo "2223"]
[BlackElo "2068"]
[WhiteCountry "MDA"]
[BlackCountry "DEN"]
[Result "1/2-1/2"]

1. e4 g6 2. d4 Bg7 3. Nc3 c6 4. f4 d5 5. e5 h5 6. Nf3 Bg4 7. h3 Bxf3 8. Qxf3 e6 
9. g3 Nh6 10. Be3 Nd7 11. O-O-O Nf5 12. Bf2 Qa5 13. g4 Ne7 14. Bd3 O-O-O 
15. f5 c5 16. fxe6 fxe6 17. Qf7 Bh6+ 18. Kb1 Nc6 19. Qxe6 cxd4 20. Nb5 Nb4 
21. a3 Nxd3 22. Nd6+ Kb8 23. Rxd3 Be3 24. Bxe3 dxe3 25. Rxe3 d4 26. Re2 Qa6 
27. Rhe1 hxg4 28. Qxg4 d3 29. cxd3 Qxd3+ 30. Ka1 Nxe5 31. Rxe5 Qxd6 32. Re6 Qd2 
33. Qg3+ Ka8 34. Re7 a6 35. h4 Rd7 36. R7e6 Qd4 37. Qg2 Ka7 38. R6e4 Qb6 
39. Rb4 Qf6 40. Qg1+ Ka8 41. Qg4 Rhd8 42. Qe4 Qf7 43. Qc4 Rd1+ 44. Rxd1 Rxd1+ 
45. Ka2 Qxc4+ 46. Rxc4 Ka7 47. Kb3 Rg1 48. Kc3 g5 
1/2-1/2

[Event "34th Chess Olympiad (women)"]
[Site "Istanbul"]
[Date "2000.10.28"]
[Round "1.8.1"]
[White "Sanchez Castillo, Sarai"]
[Black "Madl, Ildiko"]
[WhiteElo "2093"]
[BlackElo "2418"]
[WhiteCountry "VEN"]
[BlackCountry "HUN"]
[Result "0-1"]

1. e4 c5 2. Nf3 d6 3. d4 cxd4 4. Nxd4 Nf6 5. Nc3 Nc6 6. Be2 g6 7. O-O Bg7 
8. Be3 O-O 9. Nb3 Be6 10. f4 Rc8 11. Bf3 a6 12. Nd5 Bxd5 13. exd5 Na5 
14. Nxa5 Qxa5 15. c3 Qb5 16. Qb3 Qd3 17. Rae1 b5 18. Bd4 Rfe8 19. Bxf6 exf6 
20. Qa3 Qd2 21. Rxe8+ Rxe8 22. Qxd6 Qe3+ 23. Kh1 Qf2 24. Kg1 Bf8+ 
0-1

[Event "34th Chess Olympiad (women)"]
[Site "Istanbul"]
[Date "2000.10.28"]
[Round "1.8.2"]
[White "Lakos, Nikoletta"]
[Black "Blanco, Acevedo Maria Carolina"]
[WhiteElo "2327"]
[BlackElo "2030"]
[WhiteCountry "HUN"]
[BlackCountry "VEN"]
[Result "1-0"]

1. e4 c5 2. Nf3 Nc6 3. Bb5 e6 4. Bxc6 bxc6 5. e5 f6 6. d3 g6 7. Qe2 f5 
8. Na3 Nh6 9. Bg5 Qa5+ 10. Bd2 Qc7 11. Nc4 Nf7 12. Bc3 Rg8 13. O-O-O Ba6 
14. Nfd2 Bh6 15. Kb1 Bb5 16. b3 Ke7 17. a4 Ba6 18. Rde1 Rge8 19. f3 Kf8 
20. Qf2 Kg8 21. Qxc5 Bf8 22. Qf2 c5 23. h4 Rab8 24. Ka2 Nd8 25. Nd6 Re7 
26. g4 Qb6 27. h5 Rg7 28. hxg6 
1-0

[Event "34th Chess Olympiad (women)"]
[Site "Istanbul"]
[Date "2000.10.28"]
[Round "1.8.3"]
[White "Martinez, Aleidi"]
[Black "Grabics, Monika"]
[WhiteElo "2181"]
[BlackElo "2363"]
[WhiteCountry "VEN"]
[BlackCountry "HUN"]
[Result "0-1"]

1. e4 c5 2. Nf3 Nc6 3. c3 Nf6 4. e5 Nd5 5. d4 cxd4 6. Be2 e6 7. cxd4 d6 
8. O-O Qc7 9. Re1 Bd7 10. Bc4 Nb6 11. Bb3 Na5 12. Bc2 Bc6 13. Nc3 O-O-O 
14. Qe2 a6 15. Bf4 Bxf3 16. Qxf3 Nc6 17. Rad1 Nc4 18. b3 dxe5 19. bxc4 exf4 
20. d5 Ne5 21. Qe2 Bb4 22. Qxe5 Qxe5 23. Rxe5 Bxc3 24. Re4 e5 25. Re2 g6 
26. Ba4 Bd4 27. Rc1 f5 28. Bb3 b6 29. Rd1 Kc7 30. Kf1 Kd6 31. Rd3 Kc5 
32. Red2 g5 33. Ke2 h5 34. Rd1 g4 35. h3 Kd6 36. Bc2 Bc5 37. Rb3 e4 
38. Rdb1 f3+ 39. Kf1 Rhg8 40. h4 fxg2+ 41. Kxg2 Ke5 42. Rd1 f4 43. Re1 e3 
44. fxe3 fxe3 45. Rd3 Rgf8 46. Re2 Rf4 47. Bb3 Rdf8 48. Rdd2 g3 49. Rd1 Rxh4 
50. Kxg3 Rg4+ 51. Kh3 Rf3+ 52. Kh2 Rf2+ 53. Rxf2 exf2 54. d6 Rg1 55. d7 Rxd1 
56. Bxd1 f1=Q 57. d8=Q Bg1+ 58. Kg3 Qf2+ 
0-1

[Event "34th Chess Olympiad (women)"]
[Site "Istanbul"]
[Date "2000.10.28"]
[Round "1.9.2"]
[White "Evans-Quek, Deborah"]
[Black "Vo, Hong Phuong"]
[WhiteElo "2150"]
[BlackElo "2261"]
[WhiteCountry "WLS"]
[BlackCountry "VIE"]
[Result "0-1"]

1. e4 e5 2. Nf3 Nc6 3. Bb5 a6 4. Bxc6 dxc6 5. b3 Bg4 6. h3 Bh5 7. d3 Bd6 
8. Nbd2 Ne7 9. g4 Bg6 10. Bb2 f6 11. Qe2 Bf7 12. Nh4 Ng6 13. Nxg6 Bxg6 
14. Nc4 Qe7 15. Nxd6+ cxd6 16. O-O-O O-O-O 17. Qe3 Rhe8 18. c4 Kb8 19. f4 exf4 
20. Qxf4 Ka8 21. Ba3 Qd7 22. Rhe1 d5 23. exd5 cxd5 24. Qd4 Qc7 25. Rxe8 Bxe8 
26. c5 Bc6 27. Qf2 Qa5 28. Kb2 d4 29. b4 Qb5 30. Ka1 
0-1

[Event "34th Chess Olympiad (women)"]
[Site "Istanbul"]
[Date "2000.10.28"]
[Round "1.9.3"]
[White "Le, Kieu Thien Kim"]
[Black "Powell, Annie"]
[WhiteElo "2331"]
[BlackElo "2000"]
[WhiteCountry "VIE"]
[BlackCountry "WLS"]
[Result "1-0"]

1. d4 Nf6 2. Nf3 e6 3. e3 b6 4. b3 Bb7 5. Bb2 c5 6. Bd3 Be7 7. Nbd2 Nc6 
8. a3 d6 9. O-O O-O 10. Qe2 h6 11. c4 Qc7 12. Rac1 Rac8 13. Bb1 Rfd8 
14. Rfd1 Nb8 15. e4 cxd4 16. Nxd4 Nbd7 17. f4 Qb8 18. Rf1 Nf8 19. e5 N6d7 
20. Rce1 a6 21. Kh1 Bh4 22. Rd1 Be7 23. N4f3 Bc6 24. Qf2 b5 25. Qg3 bxc4 
26. f5 exf5 27. Bxf5 Bxf3 28. Qxf3 c3 29. Bxc3 Rxc3 30. Qxc3 Nxe5 31. Nc4 Bf6 
32. Nxe5 Bxe5 33. Qc4 Qa7 34. b4 Rb8 35. Be4 Ne6 36. Bd5 Re8 37. Rd3 Re7 
38. Rdf3 Rc7 39. Rxf7 
1-0

[Event "34th Chess Olympiad (women)"]
[Site "Istanbul"]
[Date "2000.10.28"]
[Round "1.10.1"]
[White "Milligan, Helen"]
[Black "Kachiani-Gersinska, Ketino"]
[WhiteElo "2123"]
[BlackElo "2448"]
[WhiteCountry "SCO"]
[BlackCountry "GER"]
[Result "0-1"]

1. e4 c6 2. d4 d5 3. Nd2 dxe4 4. Nxe4 Bf5 5. Ng3 Bg6 6. h4 h6 7. Nf3 Nd7 
8. h5 Bh7 9. Bd3 Bxd3 10. Qxd3 e6 11. Bd2 Ngf6 12. O-O-O Be7 13. Kb1 O-O 
14. Ne4 c5 15. dxc5 Nxc5 16. Nxc5 Bxc5 17. Qb3 Qd5 18. Qxd5 Nxd5 19. Be1 Rfd8 
20. Kc1 f6 21. g3 Kf7 22. Rh4 b5 23. Re4 Nb6 24. Rxd8 Rxd8 25. Nd2 Rd5 
26. g4 f5 27. Rf4 Bd6 28. Rf3 Re5 29. Kd1 Na4 30. Nb1 Nxb2+ 31. Kd2 Nc4+ 
32. Kd1 Rd5+ 33. Rd3 Nb2+ 
0-1

[Event "34th Chess Olympiad (women)"]
[Site "Istanbul"]
[Date "2000.10.28"]
[Round "1.10.2"]
[White "Paehtz, Elisabeth"]
[Black "Rutherford, Elaine"]
[WhiteElo "2343"]
[BlackElo "2050"]
[WhiteCountry "GER"]
[BlackCountry "SCO"]
[Result "1-0"]

1. e4 d5 2. exd5 Qxd5 3. Nc3 Qa5 4. d4 Nf6 5. Bc4 Bf5 6. Bd2 c6 7. Nge2 e6 
8. Ng3 Bg6 9. h4 h6 10. Nd5 Qd8 11. Nf4 Bh7 12. c3 Bd6 13. Ngh5 O-O 14. Rh3 Ne4 
15. Bd3 e5 16. Qg4 g5 17. hxg5 hxg5 18. Ng3 f5 19. Bc4+ Rf7 20. Bxf7+ Kf8 
21. Ne6+ Ke7 22. Nxd8 
1-0

[Event "34th Chess Olympiad (women)"]
[Site "Istanbul"]
[Date "2000.10.28"]
[Round "1.10.3"]
[White "Wilman, Carey"]
[Black "Koglin, Anke"]
[WhiteElo "2066"]
[BlackElo "2302"]
[WhiteCountry "SCO"]
[BlackCountry "GER"]
[Result "1/2-1/2"]

1. d4 d5 2. Nf3 Nf6 3. Bf4 c5 4. c3 Qb6 5. Qb3 c4 6. Qxb6 axb6 7. Bxb8 Rxb8 
8. Nbd2 Bf5 9. g3 g6 10. Bg2 Bh6 11. Ne5 O-O 12. f4 b5 13. a3 Rfd8 14. O-O Bg7 
15. Rfe1 Ne4 16. Nxe4 Bxe4 17. Bxe4 dxe4 18. Ng4 h6 19. Rad1 g5 20. Ne3 gxf4 
21. gxf4 e6 22. Kf2 Kh7 23. Rg1 Rg8 24. d5 Rbd8 25. dxe6 fxe6 26. Rxd8 Rxd8 
27. Rd1 Rf8 28. Kg3 e5 29. fxe5 Bxe5+ 30. Kg2 Rg8+ 
1/2-1/2